000 00589nam a2200205Ia 4500
005 20250923145515.0
008 008 250917s9999 xx 000 0 eng d
037 _aTextual
040 _aDSWL
_beng
_cDSWL
041 _aeng
_2eng
084 _aY15.2, N79
_qDSWL
245 0 _aTowards self-reliance: Income Generation for women
_cEd. by J.Tellis-Nayak
260 _aIndore
_bDivine Word Pubs.
_c1979
300 _avi,101p.
365 _aINR
_b12
700 _a S. Costa-Pinto
_9836039
925 _g12
942 _cTEXL
_hY15.2, N79
999 _c1452211
_d1452211